000 01354nam a22003137a 4500
005 20150928123328.0
008 150928b2015 ck |||||r|||| 00| 0 spa d
020 _a9786124695223
040 _aCO-BoIAVH
_cCO-BoIAVH
041 0 _aspa
044 _ape
082 0 4 _a333.75
_bU84c8
100 1 _aLessmann, Janeth
245 1 _aIntegrando costos económicos en la identificación de áreas prioritarias para la conservación en la Amazonía occidental /
_cJaneth Lessmann y Aaron Bruner.
260 _aLima (Perú):
_bUSAID:
_bICAA,
_c2015.
300 _a93 páginas :
_btablas y mapas a color ;
_c25 cm.
490 _aConservación estratégica. Serie técnica
_v33
500 _aPrograma de investigaciones económicas aplicadas para la conservación en la Amazonía Andina.
504 _aIncluye referencias bibliográficas (páginas 78-86).
520 _aIncluye resúmenes en inglés y español.
650 6 _aÁreas prioritarias de conservación
_xAspectos económicos
650 4 _aÁreas prioritarias de conservación
_xCostos
650 4 _aÁreas prioritarias de conservación
_xIdentificación
651 6 _aAmazonía (Región, Colombia)
651 6 _aAmazonía (Región, Perú)
651 6 _aAmazonía (Región, Ecuador)
700 1 _aBruner, Aaron
942 _2ddc
_cLIBRO
999 _c17817
_d17817